Quizz - Personnages de Brawl Stars (en français) - Statistiques

Statistiques générales
  • Ce quiz a été pris 526 fois
  • Le résultat moyen est 31 sur 82
Statistiques - réponses
Brawler % Correct
82 Shelly
90%
81 Colt
79%
59 Léon
72%
70 Corbac
70%
77 Spike
70%
40 Edgar
65%
74 Nita
64%
67 Polly
62%
80 Bull
61%
72 El costo
57%
71 Mortis
57%
69 Poco
56%
76 Bartaba
55%
58 Rosa
54%
79 Brock
53%
62 Franck
52%
45 Surge
52%
75 Jessie
51%
8 Kit
49%
68 Bo
48%
73 Dynamike
48%
43 Ambre
47%
63 Penny
47%
78 Ricochet
47%
31 Meg
42%
65 Pam
42%
60 Tick
42%
64 Darryl
41%
66 Tara
41%
14 Cordélius
40%
34 Buzz
39%
54 Emeri
39%
21 Chester
38%
4 Draco
38%
49 Jacky
38%
19 Mandy
38%
2 Berry
37%
44 Colette
37%
56 Billie
36%
52 Eliza
36%
29 Fang
36%
48 Gaël
36%
53 Béa
35%
15 Hank
35%
3 Lily
35%
57 Carl
34%
50 Max
34%
38 Stu
34%
5 Angelo
33%
23 Gus
33%
41 Byron
31%
47 Nani
31%
61 D'Jinn
29%
30 Lola
29%
42 Lou
29%
46 Wally
29%
6 Melody
28%
9 Mico
28%
24 Sam
28%
35 Grom
26%
16 Maisie
26%
32 Ash
25%
1 Clancy
25%
39 Medor
25%
17 Willow
25%
37 Belle
24%
33 Griff
24%
36 Squeak
24%
26 Bonnie
23%
22 Buster
22%
11 Chuck
22%
20 Gray
22%
27 Janet
22%
13 Doug
21%
25 Otis
21%
10 Charlie
20%
18 R-T
20%
28 Eve
19%
12 Pearl
19%
55 Arcade
18%
51 Mr.M
15%
7 Larry&Lawrie
13%
Aucun quiz correspondant
Distribution des résultats
% des personnes avec chaque résultat
Percentile par nombre de réponses
Votre historique - résultats
Vous n’avez pas pris ce quiz